000 00723nam a22002297a 4500
003 UA-OsUOA
001 110106
007 ta
008 20150217b un ||||| |||| 00| 0 ukr d
100 _aКириленко І.Г.
700 _aДем'янчук В.В.
090 _a330(477)
_bК43
942 _cSA
040 _aUA-OsUOA
_bukr
_cUA-OsUOA
_dUA-OsUOA
245 _aПерспективи вітчизняного АПК в світлі прогнозів світового ринку продовольства
300 _aС.21-29
955 _a0
041 _aukr
080 _a330(477)
773 0 _w110105
_tЕкономіка АПК
_dК.
_d2015
_g1
650 7 _a330 Економіка взагалі
_2UDC
999 _c396138
_d396138